00748nam a2200241 a 4500001001300000003000900013005001700022008004100039020002300080082001900103100002300122245006300145260003400208300000900242500003500251505001000286650003700296700002300333902000800356942000700364952012000371999001500491nice12345678IN_TiNIC20260116012259.0050524s1981 u ka grp 000 0 eng  a0860372 c10000a330.10297bHAS aHasanuz Zaman, S M aEconomic Functions of Islamic State (the Early Experience) aU KbIslamic Foundationc1981 a392p aincludes index and biblioraphy2 aIndex aEconomics-Religious Aspect-Islam1 aHasanuz Zaman, S M bSRS cBK 001040708StackRoom-aHMIbHMId2007-04-25g100.00l0o330.10297 HASp014338r2007-04-25v100.00w2005-05-24yBK c6372d6372